000 004580000a22001810004500
020 _a0-310-20561-1
041 0 _aENG
082 0 4 _aG 268.6 B2741s
100 1 _aBarrett, Ethel
245 1 0 _aStorytelling -It's easy! / Ethel Barrett
260 _aGrand Rapids, MI., USA : Zondervan
300 _a165 Pag
001 7999
942 _cBK
999 _c38198
_d38198
336 _atexto
_btxt
_2rdacontent
337 _2rdamedia
_asin mediación
_bn
338 _2rdacarrier
_avolumen
_bnc